star wars: les membres du conseil noir - Statistiques

Statistiques générales
  • Ce quiz a été pris 24 fois
  • Le résultat moyen est 4 sur 12
Statistiques - réponses
sphère influence nom % Correct
défense de l'empire dark marr
81%
savoir ancestral dark thanaton
52%
diplomatie impériale dark ravage
43%
logistique dark vowrawn
33%
renseignements impériaux dark jadus
29%
législation et justice dark mortis
24%
offensives militaires dark vengean
19%
science biotique dark acharon
14%
philosophie sith dark aruk
14%
stratégie militaire dark decimus
14%
technologie dark mekhis
14%
mystères dark rictus
14%
Aucun quiz correspondant
Distribution des résultats
% des personnes avec chaque résultat
Percentile par nombre de réponses
Votre historique - résultats
Vous n’avez pas pris ce quiz